| 000 | 01120nam a2200301 i 4500 | ||
|---|---|---|---|
| 003 | DO-SdBNP | ||
| 005 | 20260321073646.0 | ||
| 007 | ta | ||
| 008 | 240905b1980 dr ao||| |||| 00| 0 spa d | ||
| 040 |
_aDO-SdBNP _bspa _cBNPHU _erda |
||
| 041 | _aspa | ||
| 082 | 4 |
_axxxx _bB742 _222 |
|
| 100 | 1 |
_a Bosch, Juan, _d1909-2001 _eautor _4aut. _976555 |
|
| 245 | 0 | 0 |
_aAbril : _banálisis y testimonios / _cJuan Bosch, José Espaillat, Roberto Cassá y Fafa Taveras ; edición, Carmen Rita Morera, Sagrada Bujosa |
| 264 | 4 |
_aSanto Domingo : _bEditora Alfa y Omega, _c@1980. |
|
| 300 |
_a155 páginas : _bilustraciones, fotografías ; _c18 cm. |
||
| 336 |
_atexto _btxt _2rdacontent |
||
| 337 |
_asin mediación _bn _2rdamedia |
||
| 338 |
_avolumen _bnc _2rdacarrier |
||
| 590 | _aInventariado, 2024/ YL | ||
| 700 | 1 |
_aEspaillat, José _eautor _4aut. _944951 |
|
| 700 | 1 |
_aCassá, Roberto, _d1948- _eautor _4aut. _910888 |
|
| 700 | 1 |
_aTaveras, Fafa _eautor _4aut. _917095 |
|
| 700 | 1 |
_aMorera, Carmen Rita, _ecolaborador _4col. _985507 |
|
| 700 | 1 |
_aBujosa, Sagrada, _ecolaborador _4col. _922612 |
|
| 910 | _aYLockward | ||
| 942 |
_2ddc _cLBS1 |
||
| 999 |
_c57640 _d57640 |
||